Duże miasta w małych państwach europy - Statystyki

Ogólne statystyki
  • Ten quiz został rozwiązany 25 razy
  • Średni wynik to 13 z 20
Statystyki odpowiedzi
Populacja Miasto % Poprawnych
658.640 Ryga
92%
456.518 Tallinn
92%
527.930 Wilno
92%
671.800 Kiszyniów
83%
418.495 Tirana
83%
791.815 Zagrzeb
83%
286.475 Lublana
79%
134.697 Luksemburg
79%
145.149 Prisztina
79%
307.498 Kowno
75%
150.977 Podgorica
75%
118.918 Reykjavik
75%
348.363 Sarajewo
75%
491.000 Skopje
71%
178.102 Split
58%
158.891 Kłajpeda
38%
128.624 Rijeka
33%
135.059 Banja Luka
29%
134.827 Tyraspol
29%
144.800 Bielce
8%
Nie znaleziono quizów pasujących do podanych kryteriów
Rozkład punktacji
Procent ludzi z każdym wynikiem
Percentyl według liczby udzielonych odpowiedzi
Twoja historia wyników
Nie rozwiązałeś tego quizu